00944cam a22002655a 4500001001000000003000400010005001700014008004100031020002500072040003600097082002100133100002500154245007200179260005100251300003300302500002400335504003100359650001000390651004900400651004600449653002200495942000800517999001700525952013600542017073032OSt20160424155559.0150128s2015 nyua frb 001 0 eng d a9781107507425 (pbk.) aStDuBDSbengcStDuBDSdEG-ScBUE04a330.951222bSHE1 aSheng, Yumin.93989610aEconomic openness and territorial politics in China /cYumin Sheng. aNew York :bCambridge University Press,c2015. axx, 292 p. :bill. ;c23 cm. aIndex : p. 271-292. aBibliography : p. 245-269. 2BUEsh 7aChinaxForeign relationsy1976-2BUEsh99339 0aChinaxForeign economic relations.2BUEsh bBUSBOLcApril2016 2ddc c21679d21651 00102ddc40708AlahramaMAINbMAINc1STd2016-04-24ePurchaseg311.00l0o330.951 SHEp000032406r2025-07-15 00:00:00v388.75yBB